Modern college physics (Record no. 8192)

000 -LEADER
fixed length control field 00631nam a22002291 4500
001 - CONTROL NUMBER
control field 8192
003 - CONTROL NUMBER IDENTIFIER
control field BD-DhUET
008 - FIXED-LENGTH DATA ELEMENTS--GENERAL INFORMATION
fixed length control field 841211s1962 maua 000 0 eng
040 ## - CATALOGING SOURCE
Original cataloging agency DLC
Transcribing agency DLC
Modifying agency BD-DhUET
082 00 - DEWEY DECIMAL CLASSIFICATION NUMBER
Classification number 530
Item number RIC/1962
100 ## - MAIN ENTRY--PERSONAL NAME
Personal name Richards, James A.
245 10 - TITLE STATEMENT
Title Modern college physics
250 ## - EDITION STATEMENT
Edition statement 1st ed.
260 ## - PUBLICATION, DISTRIBUTION, ETC. (IMPRINT)
Place of publication, distribution, etc. Massachusetts
Name of publisher, distributor, etc. Addison-Wesley Publishing
Date of publication, distribution, etc. 1962
300 ## - PHYSICAL DESCRIPTION
Extent xvi,1019 p.
Other physical details ill.
Dimensions 24 cm.
490 ## - SERIES STATEMENT
Series statement This book is an Addison-Wesley world student series
650 #0 - SUBJECT ADDED ENTRY--TOPICAL TERM
Topical term or geographic name as entry element Physics
700 ## - ADDED ENTRY--PERSONAL NAME
Personal name Sears, Francis Weston
700 ## - ADDED ENTRY--PERSONAL NAME
Personal name Wehr, M. Russell
700 ## - ADDED ENTRY--PERSONAL NAME
Personal name Zemansky, Mark W.
942 ## - ADDED ENTRY ELEMENTS (KOHA)
Koha item type General Book
Holdings
Price effective from Not for loan Koha item type Lost status Koha date last seen Location (home branch) Shelving location Damaged status Copy number Piece designation (barcode) Sublocation or collection (holding branch) Koha normalized classification for sorting Withdrawn status Koha full call number Date acquired Source of classification or shelving scheme
2015-01-19 General Book 2015-01-19Central Library, BUETCirculation section 135083Central Library, BUET530_000000000000000_RIC_1962 530/RIC/19622015-01-19 
2015-03-09 General Book 2015-03-09Central Library, BUETCirculation section 224610Central Library, BUET530_000000000000000_RIC_1962 530/RIC/19622015-03-09 
2015-04-27 General Book 2015-04-27Central Library, BUETCirculation section 337091Central Library, BUET530_000000000000000_RIC_1962 530/RIC/19622015-04-27 
2015-07-05 General Book 2015-07-05Central Library, BUETCirculation section 417175Central Library, BUET530_000000000000000_RIC_1962 530/RIC/19622015-07-05